O coelho Nicolau (Registo nº 3917)

Detalhes MARC
000 -Etiqueta do registo
Cabeçalho 00703nam0a2200229 4500
005 - Identificador da versão
Campo de controlo 20240813122048.0
100 ## - Dados gerais de processamento
Dados gerais de processamento 20171128d1976 c y0pory5003 ba
102 ## - Pais de publicação ou produção
País de publicação Portugal
101 0# - Língua de publicação
Língua do texto, banda sonora, etc. Português
215 ## - Descrição física 
Indicação específica da natureza do documento e extensão da espécie [15] p.
Outras indicações físicas fotog.
200 1# - Titulo e menção de responsabilidade
Título próprio O coelho Nicolau
Primeira menção de responsabilidade conto de Maria Cecília Correia
Outras menções de responsabilidade fotografias de António Cabral Castilho
205 ## - Menção da edição
Menção da edição 2ª ed
210 ## - Publicação, Distribuição, etc. 
Lugar da edição, distribuição, etc. Lisboa
Nome do editor, distribuidor, etc. M. C. Correia
Data da publicação, distribuição, etc. [1976?]
Data da impressão imp. 1976
606 ## - Nome comum usado como assunto
Número de registo de entrada de autoridade 0001335
Palavra de ordem Literatura portuguesa
Subdivisão de assunto Conto
Código do sistema CA
675 ## - Classificação Decimal Universal (CDU)
Notação 821.134.3-34
Edição 3ª ed.
Língua da edição por
702 #1 - Nome de autor-pessoa física (responsabilidade secundária)
Número de registo de entrada de autoridade 0000374
Palavra de ordem Castilho
Outra parte do nome não tomada para palavra de ordem António Cabral
Código de função Fotógrafo
700 #1 - Nome de autor-pessoa física (responsabilidade principal)
Número de registo de entrada de autoridade 0000372
Palavra de ordem Correia
Outra parte do nome não tomada para palavra de ordem Maria Cecília
966 ## - Identificação da Biblioteca
Sigla EBVEN
942 ## - Elementos de entrada adicionados (Koha)
Tipo de item no Koha Livro
Exemplares
Situação do levantamento Origin of item (home branch) (coded) Biblioteca de empréstimo Código de barras Cota Circulation type (not for loan) Tipo de documento Nota do exemplar Damaged status
  Biblioteca Escolar das Vendas Biblioteca Escolar das Vendas BEV63 8POR COR   Livro Sem mensagem  
  Biblioteca Escolar das Vendas Biblioteca Escolar das Vendas BEV187 8POR COR   Livro Sem mensagem